Desenvolvemento curricular: latín

Salvato in:
Dettagli Bibliografici
Autori principali: Santoalla Varela, Jaime (Autore), Vázquez Varela, M. Nicolas (Autore)
Natura: Libro
Lingua:galiziano
Pubblicazione: Santiago de Compostela Consellería de Educación e Ordenación Universitaria 1995
Soggetti:
Tags: Aggiungi Tag
Nessun Tag, puoi essere il primo ad aggiungerne!!

MARC

LEADER 00000nam a2200000 a 4500
001 UCQ5132
003 CL-VaPUC
008 980925e19950000SP |||||||||||||||||glg|d
082 0 4 |a 373.19  |b SAN  |2 21 
100 0 |a Santoalla Varela, Jaime  |e author  |9 419307 
700 0 |a Vázquez Varela, M. Nicolas  |e author  |9 419308 
245 1 0 |a Desenvolvemento curricular: latín 
300 |a 65 p 
942 |c BK 
945 |d 19980925 00:00:00  |a mvenant 
260 |a Santiago de Compostela  |b Consellería de Educación e Ordenación Universitaria  |c 1995 
650 0 |a Planificación del currículo  |9 269599 
650 0 |a Latín   |9 269544 
650 0 |a Enseñanza de idiomas  |9 339820 
583 |a last modification  |c 20170727 04:00:48  |k Rodrigo Vera 
999 |c 275351  |d 275349 
952 |0 0  |1 0  |4 0  |6 373_190000000000000_SAN_1995  |7 0  |8 P  |9 312083  |a BIBEDU  |b BIBEDU  |c BIBEDU_PB  |d 2019-11-20  |i 3465055  |o 373.19 SAN 1995  |p 3465055  |r 2024-01-25  |w 2019-11-20  |y BK  |k BME